[Event "Airthings Masters | Knockout"]
[Site "Online"]
[Date "2021.01.01"]
[Round "1.3"]
[White "Aronian, Levon"]
[Black "Vachier Lagrave, Maxime"]
[Result "1-0"]
[WhiteElo "2778"]
[BlackElo "2860"]
[EventDate "2021.??.??"]
[Annotator "Bojkov,Dejan"]
[PlyCount "225"]
[Beauty "3987206056967"]
[EventType "simul"]
[EventRounds "2"]

1.d4 Nf6 2.c4 g6 3.Nc3 d5 {The Grunfeld is always to be expected when Vachier-Lagrave has the black pieces.} 4.Bg5 Ne4 5.Bf4 Nxc3 6.bxc3 c5 ( {In the first game of the day, Vachier-Lagrave played} 6...Bg7 7.e3 O-O 8.Nf3 c6 9.Be2 Qa5 10.Qd2 Nd7 11.cxd5 cxd5 12.c4 Qxd2+ 13.Kxd2 dxc4 14.Bxc4 Nb6 15.Bb3 Bf5 {and the game was drawn in 41 moves.} ) ( {Another top player faced} 6...dxc4 {recently. After} 7.e3 Be6 8.Nh3 Nd7 9.Ng5 Bd5 10.e4 h6 11.exd5 hxg5 12.Bxg5 Nb6 13.Bxc4 Nxc4 14.Qa4+ c6 15.Qxc4 Qxd5 16.Qxd5 cxd5 {Black seemed OK in Mamedyarov,S (2770)-Sorokin,A (2521) Chess.com 2020} ) 7.cxd5 Qxd5 8.e3 cxd4 9.Qxd4 Qxd4 10.cxd4 Nc6 11.Nf3 {Despite the queenside majority the arising endgame does not look particularly pleasant for Black. He has problems with the development of his queenside and the majority does not play an important role for the time being.} 11...e6 $146 ( {An earlier game should not have made Black happy after} 11...Bg7 12.Be2 O-O 13.Rb1 a6 14.a4 Re8 15.O-O e5 16.dxe5 Nxe5 17.h3 Bd7 18.Rxb7 Bxa4 19.Nxe5 Bxe5 20.Bc4 Reb8 21.Bxf7+ Kf8 22.Bh6+ Bg7 23.Bxg7+ Kxg7 24.Rfb1 {Boelker,F (1823)-Klueppel, R (1714) Germany 2010} ) 12.Rb1 f6 {In order to control the important central stronghold.} ( {Or else White will use it in the line} 12...Be7 13.Ne5 Nxe5 14.Bxe5 f6 15.Bg3 b6 16.Bb5+ Bd7 17.Ba6 {with an edge for White.} ) 13.h4 ( {Normal development like} 13.Bc4 $5 {makes perfect sense too.} ) 13...Bb4+ 14.Kd1 Be7 15.Bc4 Na5 {This looks premature.} ( {Better was to throw in the moves} 15...a6 $5 16.a4 {and then decide when and where to jump with the knight. Strong and simple is} 16...Bd7 17.Ke2 {When the knight can use the b4 spot:} ( {White achieves nothing after:} 17.Rxb7 Na5 18.Rc7 Bxa4+ ) 17...Nb4 {and Black is ready for b7-b5.} ) ( {Notice that the immediate} 15...Bd7 16.Rxb7 Na5 {allows White one more chance} 17.Rxd7 Kxd7 18.Bb5+ Kd8 {when White has more than enough for the exchange with} 19.Ba6 ( {or} 19.Ke2 ) ) 16.Bd3 Bd7 17.Ke2 O-O 18.e4 {Preparing a maneuver which Black underestimated, or forgot about.} ( {Further kingside expansion with} 18.g4 $5 {is in the spirit of the position.} ) 18...Rac8 ( {Better was to prepare for the assault with} 18...b6 19.Bd2 Nc6 20.Rhc1 Bd6 {when White keeps a slight edge thanks to his extra space.} ) 19.Bd2 $1 {The point! Black's pawns are doubled for starters.} 19...b6 20.Bxa5 bxa5 21.Rb7 {What's more, the seventh rank is in Aronian's hands and he is close to winning the match.} 21...Rfd8 22.Rxa7 Rb8 23.Rc1 Rb2+ 24.Rc2 ( {Also great was} 24.Ke3 Bf8 25.g4 ) 24...Rxc2+ 25.Bxc2 Bb4 26.Bb3 Kf8 27.e5 $1 {Fixing a pawn on a light square.} 27...fxe5 28.Nxe5 Be8 29.Ke3 ( {The immediate} 29.Nf3 $1 {with the strong threat Nf3-g5 would have finished the game at once.} ) ( {Rather than} 29.Rxh7 Rxd4 ) 29...Bc3 30.Nf3 Bd7 31.Rc7 Bb2 32.Ng5 h6 33.Nh7+ $1 {Very illogical, weird, and \E0 la Aronian strong.} 33...Ke8 ( {Since} 33...Kg7 34.Bxe6 {drops another pawn.} ) 34.Bc2 {Nope, this was not needed. The bishop was perfect on the diagonal.} ( 34.Ke4 $1 {was decisive instead. Then, in the line} 34...Rc8 35.Nf6+ Ke7 36.Rxd7+ Kxf6 37.Rd6 Re8 38.Ra6 Bc3 39.d5 {Aronian would have won a second pawn which coupled with his active pieces would have made the rest a matter of technique.} ) 34...Rc8 35.Nf6+ Ke7 36.Rxc8 ( {Strong was} 36.Rxd7+ Kxf6 37.Bb3 Rc6 38.g4 {and White's initiative is more important than the drawing tendencies of the opposite-colored bishops.} ) 36...Bxc8 37.Ng4 h5 38.Ne5 Bc1+ 39.Ke2 g5 $1 {Now White needs to find a narrow winning path.} 40.hxg5 {Which is never easy in time trouble.} ( 40.Nd3 $1 {would have won instead as in the line} 40...Ba6 41.Kd1 Bxd3 42.Kxc1 {The pawn endgame is lost for Black.} ) 40...Bxg5 41.f4 Bf6 42.g3 Bb7 43.Ke3 Bd5 {Now Vachier-Lagrave almost escaped. In the endgame the bishop pair often compensates for the pawn deficit.} 44.a4 Kd6 45.Nf7+ Ke7 46.Ng5 Bc6 47.Bd1 Bg7 ( {Another way to defend was} 47...Kd6 $5 {looking for a good moment to enter an opposite-colored bishop ending, say:} 48.Nf3 Bxf3 49.Bxf3 h4 50.g4 h3 ) 48.Nf3 Bf6 49.Ne5 Be8 50.Nc4 h4 $1 {More pawns traded means more chances for a draw.} 51.gxh4 Bxh4 52.Nxa5 {One more pawn goes down but the bishops are superb.} 52...Be1 53.Nb7 Bc6 54.Nc5 Bb4 55.Bf3 Be8 56.Be2 Bc6 ( {In time trouble the French GM does not even consider the trade} 56...Bxc5 57.dxc5 Bxa4 {which leads to a textbook draw.} ) 57.Bf3 Be8 58.Kd3 Kf6 ( {There was one more chance for} 58...Bxc5 59.dxc5 Bxa4 60.Kc4 {with a draw.} ) 59.Kc4 Ba5 60.Bg4 Ke7 61.Kd3 {When playing with only a few seconds to think one needs to give up on calculating good moves and try to follow a particular plan. Is the plan good or bad is determined later.} ( {It is Aronian's turn to trust his opponent:} 61.Bxe6 $1 Bxa4 62.Nxa4 Kxe6 63.Nc3 {would have won instead.} ) 61...Bb6 62.Bd1 Bc7 63.Ke3 Ba5 64.Bb3 Bb4 65.Ke4 Kf6 66.Bc4 Bc6+ 67.Ke3 Ke7 ( {The third and last chance for} 67...Bxc5 68.dxc5 Bxa4 {holding.} ) 68.Bb5 Bd5 69.Nd3 Ba5 70.Ne5 Bc7 71.Kd3 Kf6 72.Bc6 Bb3 73.Nd7+ Kf5 74.Nc5 Ba2 75.Kc3 ( {It was worth trying} 75.Na6 {as} 75...Bxf4 76.a5 {will lead to a position where Black cannot stop the pawn.} ) 75...Kxf4 {Now Black is once more almost there.} 76.Kb2 Bc4 77.Kc3 Ba2 78.Nb7 Bb6 ( {More accurate was} 78...Ke3 79.a5 Bb8 ) 79.a5 Ba7 {Of course, the bishop has to stay in front of the dangerous passer, right?} ( {Or rather no! The counter-intuitive} 79...Bc7 $1 {luring the pawn closer to the promotional square beautifully saves Black after} 80.a6 Bb6 81.Nd6 e5 82.d5 e4 83.Nxe4 Kxe4 84.d6+ Bd5 85.Bxd5+ Kxd5 86.d7 Kc6 87.a7 Kb7 $1 ) 80.Nd6 e5 81.d5 e4 82.Nxe4 $1 {That is the thing. This time Black cannot tough the knight.} 82...Ke5 ( {As in the line} 82...Kxe4 83.d6+ {the a5 pawn controls the b6 square.} ) 83.d6 Be6 84.Kd3 Bb8 85.d7 {The white pawns will cost Vachier-Lagrave both his bishops.} 85...Bc7 86.a6 Bxd7 87.Bxd7 Bb6 88.Bc6 Bg1 89.Kc4 Ba7 90.Nc3 Bb6 91.Nb5 Ke6 92.a7 Bxa7 93.Nxa7 {The rest was easy for Aronian.} 93...Kd6 94.Bd5 Ke5 95.Kc5 Kf5 96.Kd4 Kf4 97.Nc6 Kf5 98.Ne5 Kf6 99.Be4 Ke6 100.Nc4 Kf6 101.Kd5 Ke7 102.Bf5 Kf6 103.Ke4 Ke7 104.Ke5 Kf7 105.Nd6+ Kg7 106.Ke6 Kg8 107.Kf6 Kh8 108.Nf7+ Kg8 109.Bg6 Kf8 110.Bh7 Ke8 111.Ne5 $1 {The key move which every player should know.} 111...Kd8 112.Ke6 Kc7 113.Nd7 ( 113.Nd7 {Since the king cannot escape the cage, Black resigned:} 113...Kc6 114.Bd3 ) 1-0

[Event "Airthings Masters | Knockout"]
[Site "Online"]
[Date "2021.01.02"]
[Round "23.1"]
[White "Aronian, Levon"]
[Black "Radjabov, Teimour"]
[Result "0-1"]
[WhiteElo "2778"]
[BlackElo "2758"]
[EventDate "2021.??.??"]
[Annotator "Bojkov,Dejan"]
[PlyCount "96"]
[Beauty "7081595767305"]
[EventType "simul"]
[EventRounds "2"]

1.e4 e5 {The most classical reply when you need to play solid.} 2.Nf3 Nc6 3.Bb5 Nf6 {There is hardly anything more solid these days.} 4.O-O Nxe4 5.d4 Nd6 6.Bxc6 dxc6 7.dxe5 Nf5 8.Qxd8+ Kxd8 9.h3 Bd7 ( {However, things can get pretty funky in the Berlin endgame too:} 9...Ne7 10.Rd1+ Ke8 11.Nc3 Ng6 12.Be3 Be7 13.Rd2 h5 14.Re1 h4 15.Ne4 Rh5 16.Bg5 Be6 17.Bxe7 Kxe7 18.Neg5 Bd5 {Especially if White can make a breakthrough in the center with} 19.e6 f6 20.c4 Bxc4 21.Rd7+ Kf8 22.Rxc7 fxg5 23.e7+ Ke8 24.Nd4 {with a strong attack for the piece in Anton Guijarro,D (2675)-So,W (2770) Online 2020} ) ( {The other main move is} 9...Ke8 {keeping the king in the middle.} ) 10.Rd1 Kc8 ( {Black may also opt for} 10...Be7 11.g4 Nh4 12.Nxh4 Bxh4 13.Nc3 Kc8 14.Kg2 Re8 15.Bf4 Be7 16.Bg3 {when the second player typically searches for counterplay with the advance of his rook pawns:} 16...h5 17.f3 a5 18.Ne2 a4 {Sevian,S (2642)-Shankland,S (2731) St. Louis 2019} ) 11.g4 Ne7 12.Ng5 Be8 13.f4 c5 14.Nc3 b6 15.f5 $146 {Aronian hopes to bring his central pawns into motion as early as possible.} ( {An earlier game went} 15.Kf2 Nc6 16.Be3 Nd4 17.Bxd4 cxd4 18.Ne2 c5 19.c3 h6 20.Ne4 Bc6 21.N4g3 dxc3 22.Nxc3 {where the knights dominated the bishops in Dominguez Perez,L (2732)-Melkumyan,H (2622) Baku 2015} ) 15...Nc6 {Radjabov needs to find counterplay at once.} ( {After} 15...h5 16.Kg2 hxg4 17.hxg4 Nc6 18.Bf4 {White is in full control.} ) 16.Bf4 Nd4 {The super-knight gains time for Black to mobilize his pieces. It both blocks the open file and creates lots of threats.} 17.Kf2 {This looks slow.} ( {More obvious and straightforward is the immediate central blow} 17.e6 {Then Black is in serious danger after} 17...fxe6 ( {Therefore, Black would need to defend with} 17...f6 $1 18.Nf7 Bxf7 19.exf7 Bd6 20.Bxd6 cxd6 21.Ne4 d5 22.Ng3 Rf8 {Then} 23.c3 Nc2 24.Rac1 Ne3 25.Rd3 Nc4 26.Rxd5 Rxf7 {should be defendable for him.} ( {Or even the riskier} 26...Nxb2 27.Re1 Rxf7 28.Re4 {would most likely be defendable for the second player.} ) ) 18.Nxe6 Nxe6 19.fxe6 {with Nc3-d5 to follow.} ) ( {There is obviously no time for} 17.Rd2 $2 h6 ) ( {Whereas} 17.Rac1 {is sluggish, and the black pieces quickly enter the battle after} 17...h6 18.Nge4 Bc6 ) 17...h6 18.Nf3 Nxc2 19.Rac1 Nb4 ( {But not} 19...Nd4 20.Nxd4 cxd4 21.Ne4 $1 {when Black cannot defend the extra pawn} 21...c5 22.Rxd4 {and White dominates.} ) 20.a3 Nc6 21.Nd5 Ne7 $1 {Another important and solid choice. Aronian has the super-knight now (at the expense of a pawn) and it should be removed at once.} ( {A generally useful move like} 21...Kb7 {would allow Aronian time to implement his idea with} 22.b4 cxb4 23.axb4 {when} 23...Bxb4 ( {Black needs to try and defend with} 23...Rc8 $5 ) 24.Nxb4 ( {rather than} 24.Rxc6 Bxc6 25.Nxb4 Rhd8 {when the rooks and the pawns seem stronger than the pieces.} ) 24...Nxb4 25.e6 $1 Rc8 26.exf7 Bxf7 27.Rd7 {sees White having all the fun.} ) 22.Ne3 Nc6 {Radjabov does not mind the draw.} 23.f6 {But Aronian does. This move might have been based on miscalculation, however.} ( 23.Nd5 {would have likely led to repetition.} ) 23...Bd7 24.b4 ( {In case of the preliminary} 24.fxg7 Bxg7 25.b4 {Black has the important defense} 25...Bf8 $1 {keeping the c-file under control.} ( {Black should, however, avoid the open files:} 25...cxb4 26.axb4 Nxb4 27.e6 Bc6 28.Nf5 Bb2 29.Rc4 {when White's attack is too strong. Aronian likely believed that he could enter this position with the game move order, but that is not the case.} ) ) 24...g5 $1 {Most likely missed by the Armenian GM.} ( {Apparently he believed that he could switch to the aforementioned attacking line with} 24...cxb4 25.fxg7 Bxg7 26.axb4 ) 25.Bg3 Be6 {Now Radjabov stabilizes his position and keeps the extra pawn.} ( {There was even time for Black to maneuver with his knight:} 25...Nd8 26.Nf5 Ne6 ) 26.Rd3 Kb7 27.Rdc3 Rd8 28.Nf5 a5 29.b5 Na7 30.a4 c6 31.bxc6+ Nxc6 32.Ke2 Nb4 {A solid extra pawn and two bishops lead to Black's win.} 33.Rd1 Rxd1 34.Kxd1 Nd5 35.Ra3 c4 36.Nd6+ Bxd6 37.exd6 Rd8 38.Be5 Nb4 39.Bg3 Nd3 40.Nd4 Bd7 41.Kd2 Re8 ( {Not even allowing the slightest counterplay after} 41...Nc5 42.Re3 ) 42.Nc2 Nc5 43.Re3 Ne4+ 44.Kc1 Nxg3 45.Rxg3 Re6 46.Rc3 Rxf6 47.Rxc4 Rxd6 48.Kb2 Rd3 0-1

[Event "Airthings Masters | Knockout"]
[Site "Online"]
[Date "2021.01.03"]
[Round "1.1"]
[White "Aronian, Levon"]
[Black "Radjabov, Teimour"]
[Result "1/2-1/2"]
[WhiteElo "2778"]
[BlackElo "2758"]
[EventDate "2021.??.??"]
[Annotator "Bojkov,Dejan"]
[PlyCount "83"]
[Beauty "6052682677335"]
[EventType "simul"]
[EventRounds "2"]

1.e4 e5 2.Nf3 Nc6 3.Bc4 Bc5 4.c3 Nf6 5.d3 O-O 6.O-O d6 7.Bg5 {A favorite line of the Armenian GM.} ( {More common is the prophylactic} 7.Bb3 ) ( {or the developing} 7.Nbd2 ) 7...h6 8.Bh4 g5 {The principled choice. This is what makes the Bc1-g5 maneuver somewhat risky for White. He may end up with a permanently locked bishop.} ( {Aronian faced earlier} 8...a5 9.Bb3 Ba7 10.Na3 Kh8 11.Nc4 g5 12.Bg3 Ne7 13.Bc2 Bg4 14.d4 exd4 15.cxd4 Nc6 16.e5 dxe5 17.Ncxe5 Nxd4 18.Nxg4 Nxg4 19.h3 Nxc2 20.Qxc2 Nf6 21.Rad1 {with compensation for the pawn in Aronian,L (2781)-Grischuk, A (2777) Online 2020} ) ( {As well as} 8...a6 9.a4 Ba7 10.Na3 g5 11.Bg3 g4 12.Nh4 Nh5 13.Nc2 Qg5 14.Re1 Be6 15.Ne3 Bxe3 16.Rxe3 Bxc4 17.dxc4 Ne7 {as in Aronian,L (2767)-Nakamura,H (2777) Chess.com 2018} ) 9.Bg3 a5 {Stopping the queenside expansion of the white pieces.} 10.Re1 Re8 $146 ( {An earlier game saw the typical play around the d4-point after} 10...Ba7 11.Na3 Kg7 12.Nb5 Bb6 13.d4 Nh5 14.Rc1 Qf6 15.Bd5 {Bacrot,E (2673)-Maghsoodloo,P (2676) Chess.com 2020} ) 11.Nbd2 Ba7 12.Nf1 Be6 13.Bb5 {None of the bishop trades is particularly appealing to White. He has a more important job for this bishop.} 13...Bd7 14.Ne3 Ne7 15.a4 c6 16.Bc4 Ng6 ( {Black cannot hold on to his center in case of} 16...d5 17.exd5 cxd5 18.Ba2 ) 17.Qc2 {The queen is eyeing the g6-knight, and the d3-d4 followed by e4-e5 clearance breakthroughs are already in the air.} 17...Nf4 {Radjabov simply moves the knight out of the way.} ( {It makes sense to overprotect the knight and step away from the pin with} 17...Kg7 {Then Black needs not to worry about} 18.Nf5+ $6 ( {Most likely White would continue with} 18.Rad1 Bxe3 19.fxe3 b5 {with unclear play.} ) 18...Bxf5 19.exf5 Nf4 {when Black is more than fine.} ) 18.Rad1 Qe7 {Both sides do their best to prepare for the opening of the game. And Aronian cannot wait for it} 19.d4 exd4 20.Bxf4 ( {Obviously not} 20.cxd4 Nxe4 ) 20...gxf4 21.e5 $1 {The point behind the central break. White's attack is huge, but is it enough to compensate for the material? The exclamation is for the courage, not for the move value.} ( {Objectively better is:} 21.Nf5 Bxf5 22.exf5 Qf8 23.cxd4 d5 {Although once the white bishop is locked, he can forget about the attack for good.} ) 21...dxe3 {Amazingly, the most obvious capture is not optimal.} ( {Radjabov could have defended without his f4-pawn and won in the spectacular line:} 21...d3 $3 22.Qxd3 fxe3 23.Qg6+ Kh8 24.Qxh6+ ( {Neither here nor in the game is there time for} 24.exf6 exf2+ 25.Kf1 fxe1=Q+ 26.Rxe1 Qxe1+ 27.Nxe1 fxg6 ) 24...Nh7 25.Bd3 exf2+ 26.Kf1 fxe1=Q+ 27.Rxe1 {The difference between here and the game is that after} 27...f5 $1 28.exf6 Qf7 29.Rxe8+ Rxe8 30.Ng5 {Black captures on f6 with a check:} 30...Qxf6+ {Thus winning the game.} ) ( {The other capture} 21...fxe3 22.Qg6+ Kh8 23.Qxh6+ Nh7 24.Bd3 f5 25.exf6 {wins less material for Black:} 25...exf2+ 26.Kxf2 dxc3+ 27.Kf1 Qf7 {and that leaves White attacking for less:} 28.Bg6 Qg8 ( 28...Qc4+ 29.Rd3 ) 29.f7 Rxe1+ 30.Rxe1 Qg7 31.Qh5 cxb2 32.Re7 {And according to the machine, the attack is worth it. White should be close to winning.} ( 32.Ng5 {leads to repetition after} 32...Qf6+ 33.Nf3 Qg7 ) ) 22.Qg6+ Kh8 23.Qxh6+ Nh7 24.Bd3 $1 {A sacrifice reminiscent of the classic Spassky-Bronstein King's Gambit game. The rook is sacrificed for only a tempo!} 24...exf2+ 25.Kf1 fxe1=Q+ 26.Rxe1 Bf5 $3 {The best defense. The bishop is removed from the a6-c4 diagonal.} ( {Here it becomes obvious that} 26...f5 27.exf6 Qf7 28.Rxe8+ Rxe8 29.Ng5 {loses for Black. The f4-pawn shields the white king.} ) 27.Bxf5 {Now Aronian is just millimeters away from mating Radjabov's king.} 27...f6 28.exf6 Qf7 {Now Qf7-c4 is a powerful threat, and Aronian needs to find something special.} 29.Re6 {Beautiful! The rook blocks the queen's sortie to the c4-square. And... wrong!} ( {The unbelievable prophylaxis in the attack} 29.Rxe8+ Rxe8 30.b3 $3 {Then} ( {Notice that it is Black who is mating faster in case of the straightforward:} 30.Ng5 Qc4+ 31.Bd3 Qxd3# ) 30...Kg8 ( {The complexity of the sacrifice is further revealed in the line} 30...Rg8 31.h4 Be3 $1 {In order to control the g5-square. Now White needs to find another unforgettable attacking idea:} 32.h5 $3 {White is attacking positionally!! The h-pawn will secure the g6-square for the bishop. Then the f-pawn would be freed, and Black's position will crumble:} ( {Rather than the obvious} 32.Ng5 Rxg5 33.hxg5 f3 34.Bxh7 Qxh7 35.Qf8+ Qg8 36.Qh6+ {with perpetual.} ) 32...Qc7 33.Bg6 {followed by f6-f7 and wins.} ) 31.Ng5 Nxg5 32.Qxg5+ Kf8 33.Bg6 Qd7 34.Qh6+ Kg8 35.Bxe8 {is easily winning for White.} ) ( {There is an alternative way to finish the attack with} 29.Rd1 $3 Rg8 ( {or} 29...Bc5 30.Ng5 ) 30.Rxd6 {The rook is needed both in the attack and the defense.} ) 29...Rxe6 $1 30.Ng5 Rxf6 $1 {Now Radjabov sacrifices the queen but safeguards his king. And the many pieces he has taken previously are an excellent insurance policy.} 31.Nxf7+ Rxf7 32.Bxh7 Rxh7 33.Qf6+ Kg8 34.Qg6+ Rg7 35.Qe6+ Rf7 {With seconds on the clock, the Azeri GM decided not to tempt fate any longer and settled for the perpetual.} ( {If he had more time on the clock, he would likely have chosen} 35...Kh7 36.Qh3+ Kg6 37.Qe6+ Kg5 38.h4+ Kh5 39.Qf5+ Kh6 40.Qxf4+ Kh7 41.Qf5+ Kh8 {when the checks are over and Black consolidates. It is not yet over for White. He can push the kingside pawns, but Black is the one calling the shots.} ) 36.Qg6+ Kf8 37.Qxd6+ Kg7 38.Qe5+ Kg6 39.Qe6+ Kg7 40.Qe5+ Kg6 41.Qe6+ Kg7 42.Qe5+ 1/2-1/2